Dandy's World - Statistics

General Stats
  • This quiz has been taken 230 times
    167 since last reset
  • The average score is 31 of 36
Answer Stats
Hint Answer % Correct
Common Poppy
96%
Lethal Dyle
95%
Common Boxten
94%
Lethal Dandy
94%
Main Character Shelly
94%
Main Character Vee
94%
Main Character Bassie
92%
Main Character Astro
90%
Main Character Sprout
90%
Main Character Bobette
89%
Main Character Pebble
88%
Common Yatta
87%
Common Eggson
85%
Uncommon Finn
85%
Rare Flutter
85%
Common Rudie
85%
Rare Gigi
84%
Uncommon Ginger
84%
Rare Goob
84%
Common Looey
84%
Rare Blot
83%
Rare Cocoa
83%
Uncommon Flyte
83%
Uncommon Rodger
83%
Rare Scraps
83%
Uncommon Connie
82%
Common Shrimpo
82%
Uncommon Teagan
82%
Common Tisha
82%
Uncommon Toodles
82%
Common Brusha
81%
Common Cosmo
81%
Rare Glisten
78%
Rare Coal
76%
Uncommon Brightney
74%
Uncommon Razzle and Dazzle
74%
No matching quizzes found
Score Distribution
Percent of People with Each Score
Percentile by Number Answered
Your Score History
You have not taken this quiz since the last reset